000 02780cam a2200361 4500500
005 20251228073632.0
041 _afre
042 _adc
100 1 0 _aCatoni, Maria Luisa
_eauthor
245 0 0 _aLe regole del vivere, le regole del morire
260 _c2005.
500 _a16
520 _aRules for life, rules for death. The article seeks an explanation for a novel iconographic scheme and its appearance in funerary iconography, on stelai and lekythoi dedicated to a woman who has died in childbirth. It appears during the second quarter of the 4th century BC. The context is analysed from the point of view of a culture in which mousikè (music and dance) played a prominent role, especially in the innovative themes and technical style of some poets of the late 5th-4th century. A typology through the contamination of funerary iconography by a nobler artistic genre is presented based on the possible existence of one or more model(s) in mythological painting, especially the delivery of Semele, where this specific iconography and these schemata might have appeared for the first time.
520 _aL’articolo propone una spiegazione al fenomeno e alle modalità dell’ingresso di un nuovo schema iconografico in un piccolo settore dell’iconografia funeraria, quello rappresentato da un gruppo di stele e lekythoi per donne morte di parto. Il fenomeno comincia a manifestarsi a partire dal secondo venticinquennio del IV secolo. Si propone un’analisi del contesto in termini di storia della mentalità, nella quale assumono un ruolo rilevante la mousikè (musica e danza) e in particolare le innovazioni sia tematiche sia tecnico – stilistiche che alcuni poeti vi apportarono fra la fine del V e nel IV secolo a. C. Lo studio propone inoltre una possibile tipologia di penetrazione da un genere artistico alto al genere funerario, postulando l’esistenza di uno o più modelli pittorici di soggetto mitologico, in particolare quello del mancato parto di Semele, nel quale la formula iconografica e i singoli schemata che la compongono sarebbero stati coniati.
690 _aHistoire des mentalités
690 _aIconographie
690 _aIconographie funéraire
690 _aMobilier
690 _aMonde grec
690 _aSculpture
690 _aVase
690 _aVe et IVe s. av. J.-C.
690 _a5th and 4th centuries BC.
690 _aFunerary iconography
690 _aFurniture
690 _aGreek world
690 _aHistory of mentalities
690 _aIconography
690 _aSculpture
690 _aVase
786 0 _nRevue archéologique | 39 | 1 | 2005-03-01 | p. 27-53 | 0035-0737
856 4 1 _uhttps://shs.cairn.info/revue-archeologique-2005-1-page-27?lang=fr&redirect-ssocas=7080
999 _c1595602
_d1595602